Statistics for Countries Owning the 200 Most Populous Islands

Click here to take the quiz!

General Stats

  • This quiz has been taken 686 times
  • The average score is 13 of 16

Answer Stats

IslandsMost Populous IslandsCountry% Correct
32Java, Sumatra, Borneo, SulawesiIndonesia
98%
5Great Britain, Ireland, Portsea, WightUnited Kingdom
97%
8Long, Puerto Rico, Manhattan, OahuUnited States
97%
6Honshu, Kyushu, Hokkaido, ShikokuJapan
96%
20Hainan, Zhongshan, Xiamen, HaizhuChina
94%
7Montreal, Vancouver, Newfoundland, Île JésusCanada
92%
19Luzon, Mindanao, Negros, PanayPhilippines
91%
8Réunion, Martinique, Corsica, Grande TerreFrance
88%
5Salsette, Raghopur, South Andaman, MajuliIndia
88%
5Tenerife, Mallorca, Gran Canaria, LanzaroteSpain
82%
4Crete, Euboea, Rhodes, CorfuGreece
80%
7São Luís, São Vicente, Santa Catarina, MarajóBrazil
79%
4Zealand, Funen, Vendsyssel-Thy, AmagerDenmark
75%
4New Guinea, New Britain, Bougainville, New IrelandPapua New Guinea
58%
6IJsselmonde, Flevopolder, Voorne-Putten, CuraçaoNetherlands
53%
5Bhola, Sandwip, Maheshkhali, ChengarBangladesh
37%

Score Distribution

Percentile by Number Answered

Percent of People with Each Score

Your Score History

You have not taken this quiz